[Event "Prva A liga SSFBiH"]
[Site "Neum"]
[Date "2012.08.28"]
[Round "5.2"]
[White "Nestorovic, Nikola"]
[Black "Kamberovic, Senad"]
[Result "1-0"]
[WhiteElo "2430"]
[BlackElo "2274"]
[PlyCount "81"]
[EventDate "2012.08.25"]

1. e4 c6 2. d4 d5 3. e5 Bf5 4. Nd2 e6 5. Nb3 Nd7 6. Nf3 Bg4 7. Be2 Rc8 8. O-O
Bxf3 9. Bxf3 c5 10. Nxc5 Bxc5 11. dxc5 Rxc5 12. Be3 Rc8 13. Be2 Ne7 14. f4 O-O
15. g4 a6 16. c3 Nc6 17. Bd3 Qh4 18. Bf2 Qe7 19. Qb1 g6 20. Qe1 f6 21. exf6
Nxf6 22. b4 Qd7 23. Bc5 Rf7 24. Qg3 Re8 25. Rab1 Qc7 26. a4 Nd7 27. Be3 Nd8 28.
Rbc1 e5 29. f5 gxf5 30. Bxf5 Qc6 31. Qh4 Nf8 32. a5 Nde6 33. Rf2 Ng6 34. Bxg6
hxg6 35. Rxf7 Kxf7 36. Qh7+ Kf6 37. g5+ Kf5 38. Qh3+ Ke4 39. Re1 Kd3 40. Qf1+
Kc2 41. Rb1 1-0

[Event "Prva A liga SSFBiH"]
[Site "Neum"]
[Date "2012.08.28"]
[Round "5.2"]
[White "Konjicanin, Muris"]
[Black "Mrndjic, Muamer"]
[Result "1/2-1/2"]
[WhiteElo "2258"]
[BlackElo "2282"]
[PlyCount "27"]
[EventDate "2012.08.25"]

1. Nf3 Nf6 2. g3 b6 3. Bg2 Bb7 4. O-O e6 5. b3 Be7 6. Bb2 O-O 7. d3 c5 8. Nbd2
d6 9. c4 Nbd7 10. Ne1 Bxg2 11. Kxg2 Qc7 12. f3 Rad8 13. h3 Ne5 14. Qc2 1/2-1/2

[Event "Prva A liga SSFBiH"]
[Site "Neum"]
[Date "2012.08.28"]
[Round "5.2"]
[White "Durakovic, Alman"]
[Black "Tutic, Resad"]
[Result "1-0"]
[WhiteElo "2217"]
[BlackElo "2258"]
[PlyCount "58"]
[EventDate "2012.08.25"]

1. d4 Nf6 2. c4 e6 3. Nc3 Bb4 4. f3 d5 5. a3 Bxc3+ 6. bxc3 h6 7. cxd5 exd5 8.
e3 O-O 9. Bd3 Re8 10. Ne2 b6 11. O-O Ba6 12. Ng3 Bxd3 13. Qxd3 Nbd7 14. Bb2 c5
15. Rae1 Rc8 16. e4 cxd4 17. cxd4 dxe4 18. fxe4 Ne5 19. Qd1 Nc4 20. Ba1 Rc7 21.
Rf5 Nd6 22. Rf4 Nh7 23. e5 Nc4 24. d5 b5 25. Nf5 Nf8 26. Nxg7 Kxg7 27. e6+ Kh7
28. Qd4 Nxe6 29. Rxe6 f6 1-0

[Event "Prva A liga SSFBiH"]
[Site "Neum"]
[Date "2012.08.28"]
[Round "5.2"]
[White "Zlobec, Srdjan"]
[Black "Hadzovic, Amir"]
[Result "0-1"]
[WhiteElo "2079"]
[BlackElo "2174"]
[PlyCount "110"]
[EventDate "2012.08.25"]

1. d4 Nf6 2. Nf3 d6 3. Bf4 Nh5 4. Bc1 c6 5. g3 g6 6. Bg2 Bg7 7. O-O Nf6 8. c4
Qa5 9. Nc3 Qh5 10. Re1 O-O 11. Qb3 Na6 12. d5 cxd5 13. cxd5 Nc5 14. Qc4 Bg4 15.
Ng5 h6 16. Nge4 Ncxe4 17. Nxe4 Nxd5 18. Qb5 Nf4 19. Qxh5 Nxh5 20. h3 Bd7 21. g4
f5 22. Nxd6 fxg4 23. hxg4 Nf4 24. Bxf4 Rxf4 25. Nxb7 Rxg4 26. Nc5 Bc6 27. e4
Bxb2 28. Rab1 Bd4 29. Nd3 Rf8 30. Re2 a6 31. Nb4 Bb5 32. Rd2 e5 33. Nd5 h5 34.
Rc1 Kg7 35. Nc7 Rf6 36. Nxb5 axb5 37. Rc7+ Kh6 38. Kf1 Rgf4 39. Rcc2 g5 40. Kg1
g4 41. Bf1 g3 42. Bxb5 gxf2+ 43. Kf1 Rxe4 44. Rd1 Rg6 45. Rxf2 Bxf2 46. Kxf2
Rf6+ 47. Kg2 Rg4+ 48. Kh3 Rf3+ 49. Kh2 Rf2+ 50. Kh3 Rxa2 51. Be8 Ra3+ 52. Kh2
Kg5 53. Rd5 Kf4 54. Rd2 Rh4+ 55. Kg1 Rg3+ 0-1

[Event "Prva A liga SSFBiH"]
[Site "Neum"]
[Date "2012.08.28"]
[Round "5.2"]
[White "Bucan, Eldin"]
[Black "Mehmedovic, Mirza"]
[Result "0-1"]
[WhiteElo "2140"]
[BlackElo "2219"]
[PlyCount "80"]
[EventDate "2012.08.25"]

1. e4 c6 2. Nc3 g6 3. f4 d5 4. e5 h5 5. Nf3 Bg4 6. h3 Bxf3 7. Qxf3 e6 8. b3 c5
9. Bb2 Nc6 10. Bb5 h4 11. O-O-O Qb6 12. Rhe1 O-O-O 13. Bxc6 Qxc6 14. a4 a6 15.
Qf2 Ne7 16. Kb1 Nf5 17. Ne2 Be7 18. Qf3 Kc7 19. d4 c4 20. Rc1 b5 21. axb5 axb5
22. Rcd1 Ra8 23. Kc1 Rhc8 24. Kd2 Ra2 25. Rb1 Kd7 26. Rec1 b4 27. bxc4 dxc4 28.
Qxc6+ Kxc6 29. c3 b3 30. Ke1 Ne3 31. Kf2 Nd5 32. Kf3 Rca8 33. Re1 Ba3 34. Bxa3
R8xa3 35. f5 gxf5 36. g3 Rxe2 37. Kxe2 Nxc3+ 38. Kd2 Nxb1+ 39. Rxb1 Kd5 40. Kc3
b2+ 0-1

[Event "Prva A liga SSFBiH"]
[Site "Neum"]
[Date "2012.08.28"]
[Round "5.2"]
[White "Colpa, Husein"]
[Black "Tucakovic, Mario"]
[Result "1/2-1/2"]
[WhiteElo "1980"]
[BlackElo "2040"]
[PlyCount "129"]
[EventDate "2012.08.25"]

1. d4 d5 2. c4 c6 3. e3 Nf6 4. Nf3 Bf5 5. Be2 e6 6. Nc3 Nbd7 7. O-O Be7 8. b3
O-O 9. Bb2 Re8 10. Rc1 Qa5 11. a3 h6 12. b4 Qd8 13. Kh1 Bd6 14. Bd3 Ne4 15. Ne2
g5 16. Ne5 dxc4 17. Nxc4 Nb6 18. f3 Nxc4 19. Rxc4 Nf6 20. e4 Bg6 21. Bb1 e5 22.
Qc1 exd4 23. Rd1 Be5 24. Nxd4 Qb6 25. Ne2 Rad8 26. Rxd8 Qxd8 27. Bxe5 Rxe5 28.
Rd4 Qe7 29. Qd2 a5 30. Ba2 Kh7 31. h3 axb4 32. axb4 Rb5 33. Rc4 Qe5 34. Nc3 Rb6
35. Rc5 Qe7 36. Na4 Ra6 37. Bb3 Ra8 38. Bc2 Rd8 39. Qc3 Nd7 40. Ra5 b5 41. Nb2
Ne5 42. Ra1 f6 43. Rd1 Rxd1+ 44. Nxd1 Bf7 45. Ne3 Be6 46. Qd4 Qd7 47. Qxd7+
Bxd7 48. Kg1 h5 49. Kf2 h4 50. Ke2 Kg7 51. Bb3 Kf8 52. Nc2 Ke7 53. Ke3 Be6 54.
Bxe6 Kxe6 55. Nd4+ Kd6 56. Nf5+ Ke6 57. Kd4 Ng6 58. Kc5 Kd7 59. Kd4 Nf4 60. Ne3
Ne6+ 61. Kc3 Kd6 62. Ng4 Ke7 63. Ne3 Nf4 64. Kd4 Ne6+ 65. Kc3 1/2-1/2

[Event "Prva A liga SSFBiH"]
[Site "Neum"]
[Date "2012.08.28"]
[Round "5.3"]
[White "Bajric, Sakib"]
[Black "Mujic, Hamza"]
[Result "0-1"]
[WhiteElo "2202"]
[BlackElo "2359"]
[PlyCount "56"]
[EventDate "2012.08.25"]

1. g3 d5 2. Nf3 c5 3. Bg2 Nc6 4. d4 Nf6 5. O-O e6 6. c4 dxc4 7. Qa4 Bd7 8. Qxc4
b5 9. Qd3 Qb6 10. Nc3 cxd4 11. Nxd4 Ne5 12. Qd1 Rd8 13. e3 Bc5 14. Qc2 O-O 15.
a4 a6 16. axb5 axb5 17. Nb3 Be7 18. Nd4 Rc8 19. Qe2 Rc5 20. Rd1 Rfc8 21. h3 b4
22. Ne4 Nxe4 23. Bxe4 Nc4 24. Nb3 R5c7 25. Ra8 Rxa8 26. Bxa8 Ba4 27. Qd3 Qb8
28. Be4 Ne5 0-1

[Event "Prva A liga SSFBiH"]
[Site "Neum"]
[Date "2012.08.28"]
[Round "5.3"]
[White "Sekulic, Dusan"]
[Black "Okicic, Nermin"]
[Result "1-0"]
[WhiteElo "2306"]
[BlackElo "2170"]
[PlyCount "81"]
[EventDate "2012.08.25"]

1. d4 g6 2. c4 Bg7 3. Nf3 d6 4. Nc3 Nd7 5. g3 e5 6. Bg2 Ne7 7. O-O O-O 8. e3 h6
9. b3 f5 10. a4 Kh7 11. Ba3 Re8 12. dxe5 Nxe5 13. Nxe5 Bxe5 14. Qc2 Nc6 15.
Rad1 Qf6 16. Nd5 Qf7 17. b4 Be6 18. Rc1 Rac8 19. Rfd1 Nd8 20. Nf4 Bd7 21. b5
Bxf4 22. exf4 b6 23. h4 h5 24. a5 Ne6 25. Bd5 Qf8 26. axb6 axb6 27. Ra1 Rb8 28.
Bb2 Re7 29. Ra7 Bc8 30. Re1 Nc5 31. Rxe7+ Qxe7 32. Qc3 Be6 33. Qe3 Rc8 34. Bd4
Qf7 35. Bxe6 Nxe6 36. Bxb6 Re8 37. Bxc7 Nxc7 38. Rxc7 Qxc7 39. Qxe8 Qxc4 40. b6
Qd5 41. Qe7+ 1-0

[Event "Prva A liga SSFBiH"]
[Site "Neum"]
[Date "2012.08.28"]
[Round "5.3"]
[White "Smajlovic, Nijaz"]
[Black "Dugonjic, Dragan"]
[Result "0-1"]
[WhiteElo "1994"]
[BlackElo "2062"]
[PlyCount "108"]
[EventDate "2012.08.25"]

1. e4 g6 2. d4 d6 3. Nf3 Bg7 4. Bc4 Nf6 5. Nc3 O-O 6. h3 c6 7. Be3 Qa5 8. O-O
b5 9. Bd3 Nbd7 10. Qd2 Re8 11. e5 b4 12. Ne4 dxe5 13. dxe5 Nxe5 14. Nxe5 Qxe5
15. Qxb4 Bf5 16. Bf4 Nd5 17. Bxe5 Nxb4 18. Bxg7 Kxg7 19. g4 Bxe4 20. Bxe4 e5
21. a3 Nd5 22. c4 Ne7 23. g5 h6 24. h4 Rad8 25. Rad1 c5 26. b4 Nf5 27. bxc5 Nd4
28. Rb1 Ne2+ 29. Kg2 Nc3 30. Bc6 Re6 31. Bd5 Nxd5 32. cxd5 Rxd5 33. Rfc1 Rc6
34. Rb7 hxg5 35. hxg5 e4 36. Kg3 Rxg5+ 37. Kf4 Rgxc5 38. Rxc5 Rxc5 39. Rxa7
Rf5+ 40. Ke3 Rf3+ 41. Ke2 Kh6 42. a4 f5 43. a5 Ra3 44. Kd2 Kg5 45. Ra6 f4 46.
Kc2 Ra2+ 47. Kb3 Rxf2 48. Rd6 Rh2 49. a6 Rh8 50. a7 f3 51. Kc2 f2 52. Rd1 Kf4
53. Rh1 Ra8 54. Rh7 Ke3 0-1

[Event "Prva A liga SSFBiH"]
[Site "Neum"]
[Date "2012.08.28"]
[Round "5.3"]
[White "Nezirovic, Ozren"]
[Black "Omercic, Muhamed"]
[Result "1/2-1/2"]
[WhiteElo "2132"]
[BlackElo "2098"]
[PlyCount "104"]
[EventDate "2012.08.25"]

1. e4 c6 2. d4 d5 3. e5 Bf5 4. Be3 e6 5. Nd2 Nd7 6. Nb3 a5 7. a4 Ne7 8. f4 Be4
9. Nf3 Nf5 10. Bf2 Bxf3 11. Qxf3 h5 12. Be2 Bb4+ 13. c3 Be7 14. O-O Qb6 15. c4
Bb4 16. cxd5 cxd5 17. Bb5 Rc8 18. Rac1 Qd8 19. Rxc8 Qxc8 20. Rc1 Qd8 21. Nc5
Bxc5 22. Rxc5 O-O 23. Rc1 g6 24. Qc3 Nb8 25. Qc7 Qxc7 26. Rxc7 Nc6 27. Bxc6
bxc6 28. Rb7 Rc8 29. Kf1 Kf8 30. Ke2 Ke8 31. Kd3 Rd8 32. Be1 Ra8 33. Bf2 Rd8
34. Kc3 Rd7 35. Rb8+ Rd8 36. Rb6 Ra8 37. b4 axb4+ 38. Kxb4 Kd7 39. Rb7+ Kc8 40.
Rxf7 Rb8+ 41. Kc5 Rb2 42. Be1 Rc2+ 43. Kb6 Nxd4 44. Bh4 Rb2+ 45. Kc5 Nf5 46.
Be1 d4 47. Kxc6 Rc2+ 48. Kb6 d3 49. Rf8+ Kd7 50. Bb4 Rb2 51. Rf7+ Ke8 52. Rf8+
Kd7 1/2-1/2

[Event "Prva A liga SSFBiH"]
[Site "Neum"]
[Date "2012.08.28"]
[Round "5.4"]
[White "Rasidovic, Sead"]
[Black "Kruskic, Mirsad"]
[Result "1-0"]
[WhiteElo "2359"]
[BlackElo "2118"]
[PlyCount "51"]
[EventDate "2012.08.25"]

1. f4 d5 2. e3 c5 3. Nf3 g6 4. Bb5+ Bd7 5. Be2 Bg7 6. O-O Nc6 7. d3 Qb6 8. Nc3
Nf6 9. e4 e6 10. Qe1 Nd4 11. Bd1 Nxf3+ 12. Bxf3 d4 13. Nd1 h5 14. b3 O-O 15. a4
Ne8 16. h3 Bc6 17. g4 hxg4 18. hxg4 f5 19. Ba3 Rf7 20. Nb2 Qc7 21. gxf5 exf5
22. e5 Bxf3 23. Rxf3 g5 24. fxg5 Bxe5 25. Nc4 Bh2+ 26. Kg2 1-0

[Event "Prva A liga SSFBiH"]
[Site "Neum"]
[Date "2012.08.28"]
[Round "5.4"]
[White "Alihodzic, Muzafer"]
[Black "Mestrovic, Zvonimir"]
[Result "0-1"]
[WhiteElo "2081"]
[BlackElo "2319"]
[PlyCount "70"]
[EventDate "2012.08.25"]

1. e4 Nc6 2. g3 d5 3. Nc3 d4 4. Nb1 h5 5. d3 h4 6. Bg2 Nf6 7. Bg5 hxg3 8. hxg3
Rxh1 9. Bxh1 e5 10. a3 Be7 11. Nd2 Ng4 12. Bxe7 Qxe7 13. Bf3 Nf6 14. Rc1 Be6
15. c4 dxc3 16. Rxc3 O-O-O 17. Qa4 Nd7 18. Nc4 Nc5 19. Qc2 Nd4 20. Qb1 Nb5 21.
Rc2 Nxd3+ 22. Kf1 Nd4 23. Rc3 Bxc4 24. Rxc4 Nc5 25. Bg4+ Kb8 26. Ke1 Ncb3 27.
Bd1 Qe6 28. Rc3 Na5 29. b4 Nc4 30. Kf1 Nd6 31. Rc5 Rh8 32. Ba4 b6 33. Rc3 g6
34. Re3 Nc4 35. Rc3 Nd2+ 0-1

[Event "Prva A liga SSFBiH"]
[Site "Neum"]
[Date "2012.08.28"]
[Round "5.4"]
[White "Bogdanovic, Rajko"]
[Black "Music, Suad"]
[Result "1/2-1/2"]
[WhiteElo "2308"]
[BlackElo "2021"]
[PlyCount "28"]
[EventDate "2012.08.25"]

1. e4 d5 2. exd5 Qxd5 3. Nc3 Qa5 4. d4 Nf6 5. Nf3 c6 6. Bc4 Bf5 7. O-O e6 8. h3
Bd6 9. Qe2 O-O 10. Bb3 Qc7 11. Re1 Re8 12. Bg5 Nbd7 13. Ne5 a6 14. Nxd7 Nxd7
1/2-1/2

[Event "Prva A liga SSFBiH"]
[Site "Neum"]
[Date "2012.08.28"]
[Round "5.4"]
[White "Miralem, Mirza"]
[Black "Strinic, Halid"]
[Result "1/2-1/2"]
[WhiteElo "2038"]
[BlackElo "2120"]
[PlyCount "99"]
[EventDate "2012.08.25"]

1. e4 c5 2. Nf3 d6 3. d4 cxd4 4. Nxd4 Nf6 5. Nc3 a6 6. Be3 e5 7. Nb3 Be6 8. f3
d5 9. exd5 Nxd5 10. Nxd5 Bxd5 11. Qd2 Nc6 12. O-O-O Be6 13. Qxd8+ Rxd8 14.
Rxd8+ Kxd8 15. Bb6+ Kc8 16. Nc5 Bxc5 17. Bxc5 Rd8 18. a3 Kc7 19. Bd3 h6 20. Re1
g5 21. Bf2 f6 22. Rd1 Rg8 23. b4 g4 24. Bf1 gxf3 25. gxf3 b5 26. Bc5 Bc4 27.
Bh3 Nb8 28. Rg1 Rxg1+ 29. Bxg1 h5 30. Be3 Bd5 31. f4 Nc6 32. fxe5 fxe5 33. Bc5
Nd8 34. Be7 Nf7 35. Bf5 Nd6 36. Bg6 Bf3 37. Bxd6+ Kxd6 38. Kd2 h4 39. Bd3 Bd5
40. Be2 Kc7 41. c4 bxc4 42. Kc3 Kb6 43. Bxc4 Bc6 44. Kd2 Bb7 45. Ke3 Bc6 46.
Bd3 Bd5 47. Kd2 Bc6 48. Kc3 Bf3 49. Bc4 Bc6 50. Kd2 1/2-1/2

[Event "Prva A liga SSFBiH"]
[Site "Neum"]
[Date "2012.08.28"]
[Round "6.1"]
[White "Mujic, Hamza"]
[Black "Rasidovic, Sead"]
[Result "1/2-1/2"]
[WhiteElo "2359"]
[BlackElo "2359"]
[PlyCount "20"]
[EventDate "2012.08.25"]

1. e4 e6 2. d4 d5 3. Nc3 Nf6 4. Bg5 Be7 5. Bxf6 Bxf6 6. Nf3 c5 7. e5 Be7 8.
dxc5 Nc6 9. Bd3 Bxc5 10. O-O a6 1/2-1/2

[Event "Prva A liga SSFBiH"]
[Site "Neum"]
[Date "2012.08.28"]
[Round "6.1"]
[White "Mestrovic, Zvonimir"]
[Black "Sekulic, Dusan"]
[Result "1-0"]
[WhiteElo "2319"]
[BlackElo "2306"]
[PlyCount "79"]
[EventDate "2012.08.25"]

1. e4 e5 2. Nf3 Nc6 3. Bb5 f5 4. d3 fxe4 5. dxe4 Nf6 6. O-O d6 7. Nc3 Be7 8.
Qd3 a6 9. Bxc6+ bxc6 10. Qc4 Bb7 11. Ng5 d5 12. Qa4 Qd7 13. exd5 cxd5 14. Qxd7+
Nxd7 15. Ne6 Bd8 16. Bg5 Bxg5 17. Nxg5 Ke7 18. Rfe1 Kf6 19. f4 exf4 20. Ne6 c6
21. Nxf4 Rae8 22. Rf1 Ke7 23. Nd3 c5 24. Rad1 Rhf8 25. Rfe1+ Kd6 26. Rxe8 Rxe8
27. b4 d4 28. Nf4 g5 29. bxc5+ Kxc5 30. Nd3+ Kc4 31. Na4 Re2 32. Ndb2+ Kb5 33.
Rxd4 Rxg2+ 34. Kf1 Nf6 35. Rd6 Rxc2 36. Rxf6 Be4 37. a3 g4 38. Rb6+ Ka5 39. Rb4
Bc6 40. Nb6 1-0

[Event "Prva A liga SSFBiH"]
[Site "Neum"]
[Date "2012.08.28"]
[Round "6.1"]
[White "Strinic, Halid"]
[Black "Smajlovic, Nijaz"]
[Result "1-0"]
[WhiteElo "2120"]
[BlackElo "1994"]
[PlyCount "55"]
[EventDate "2012.08.25"]

1. e4 e5 2. Nf3 d6 3. d4 exd4 4. Nxd4 Nf6 5. Nc3 Bd7 6. Be2 Nc6 7. Be3 Be7 8.
g4 Ne5 9. Rg1 h6 10. Nf5 Bxf5 11. gxf5 Bf8 12. Qd2 a6 13. f4 Nc6 14. O-O-O Qd7
15. Bf3 O-O-O 16. e5 dxe5 17. Qg2 Bd6 18. fxe5 Nxe5 19. Bxb7+ Kb8 20. Bxa6 c6
21. Bb6 Neg4 22. h3 Ne5 23. Nb5 Nd5 24. Bxd8 Rxd8 25. Nxd6 Qxd6 26. Qxg7 Nf3
27. Qg3 Nxg1 28. Qb3+ 1-0

[Event "Prva A liga SSFBiH"]
[Site "Neum"]
[Date "2012.08.28"]
[Round "6.1"]
[White "Omercic, Muhamed"]
[Black "Mataradzic, Almir"]
[Result "0-1"]
[WhiteElo "2098"]
[BlackElo "2104"]
[PlyCount "70"]
[EventDate "2012.08.25"]

1. d4 Nf6 2. c4 c5 3. d5 g6 4. Nc3 Bg7 5. e4 d6 6. Be2 O-O 7. h4 b5 8. cxb5 a6
9. bxa6 Bxa6 10. Bxa6 Rxa6 11. Nge2 Qa5 12. Bd2 Nbd7 13. Rh3 Ne5 14. b3 c4 15.
bxc4 Nxc4 16. Rb1 Nd7 17. Rb7 Nc5 18. Rb5 Qc7 19. h5 Qd7 20. Rb4 Ne5 21. Kf1
Ned3 22. Rb1 f5 23. hxg6 hxg6 24. Be3 fxe4 25. Nxe4 Rxa2 26. Nxc5 Nxc5 27. Bd4
Rxe2 28. Bxc5 Re4 29. Rb4 Rxb4 30. Bxb4 Qb5+ 31. Qd3 Qxb4 32. Qxg6 Qc4+ 33. Kg1
Qc1+ 34. Kh2 Qf4+ 35. Kh1 Qf5 0-1

[Event "Prva A liga SSFBiH"]
[Site "Neum"]
[Date "2012.08.28"]
[Round "6.1"]
[White "Miladinovic, Zlatko"]
[Black "Muminovic, Semsudin"]
[Result "1-0"]
[WhiteElo "1962"]
[BlackElo "1884"]
[PlyCount "62"]
[EventDate "2012.08.25"]

1. Nf3 Nf6 2. d4 g6 3. g3 Bg7 4. Bg2 O-O 5. O-O d6 6. c4 e5 7. dxe5 dxe5 8.
Nxe5 Qxd1 9. Rxd1 Re8 10. Nd3 Rxe2 11. Nc3 Re8 12. Nb5 Na6 13. Bf4 c6 14. Nd6
Rd8 15. Nxc8 Raxc8 16. Bh3 Ra8 17. Rab1 Nh5 18. Bg5 Nf6 19. b4 h6 20. Bf4 Nh5
21. Be3 Nc7 22. Nf4 Nxf4 23. Bxf4 Ne8 24. b5 cxb5 25. cxb5 b6 26. Bg2 Rac8 27.
Bb7 Rxd1+ 28. Rxd1 Rc2 29. Rd8 Re2 30. Be3 Bf6 31. Rxe8+ Kg7 1-0

[Event "Prva A liga SSFBiH"]
[Site "Neum"]
[Date "2012.08.28"]
[Round "6.2"]
[White "Kamberovic, Senad"]
[Black "Bajric, Sakib"]
[Result "1/2-1/2"]
[WhiteElo "2274"]
[BlackElo "2202"]
[PlyCount "90"]
[EventDate "2012.08.25"]

1. d4 d6 2. Bf4 g6 3. h3 Bg7 4. Nf3 c5 5. e3 cxd4 6. exd4 Qb6 7. b3 Nc6 8. c3
Nf6 9. Be2 d5 10. O-O Bf5 11. Na3 a6 12. c4 O-O 13. c5 Qa5 14. Nc2 Bxc2 15.
Qxc2 Ne4 16. Rfd1 Qc3 17. Qd3 Qxd3 18. Bxd3 Nc3 19. Re1 Nxd4 20. Nxd4 Bxd4 21.
Rxe7 Ne2+ 22. Bxe2 Bxa1 23. Rxb7 Rfe8 24. Bg4 h5 25. Bd7 Re1+ 26. Kh2 g5 27.
Bd6 Kg7 28. c6 Rc1 29. c7 a5 30. Rb8 Rxc7 31. Bxc7 Ra7 32. Rb5 Rxc7 33. Rxd5
Kf6 34. g3 Rc2 35. Kg2 Rxa2 36. h4 gxh4 37. gxh4 Be5 38. Ba4 Bc3 39. Kf1 Kg6
40. Be8 Ra1+ 41. Kg2 Re1 42. Rg5+ Kf6 43. Bb5 Re5 44. f4 Rxg5+ 45. hxg5+ Kg7
1/2-1/2

[Event "Prva A liga SSFBiH"]
[Site "Neum"]
[Date "2012.08.28"]
[Round "6.2"]
[White "Okicic, Nermin"]
[Black "Konjicanin, Muris"]
[Result "0-1"]
[WhiteElo "2170"]
[BlackElo "2258"]
[PlyCount "151"]
[EventDate "2012.08.25"]

1. d4 Nf6 2. Nf3 g6 3. g3 Bg7 4. Bg2 O-O 5. O-O d6 6. b3 c6 7. Bb2 Qc7 8. c4
Nbd7 9. Nc3 b6 10. Rc1 Bb7 11. e4 Rac8 12. Qe2 e5 13. d5 cxd5 14. cxd5 Qb8 15.
b4 a6 16. a4 Rc7 17. Na2 Rfc8 18. Bh3 Bh6 19. Rc3 Rxc3 20. Nxc3 Rc7 21. Rb1 Qc8
22. Qd3 Rc4 23. Ba1 Qc7 24. Bf1 Rxc3 25. Bxc3 Nxe4 26. Bd2 Bxd2 27. Nxd2 Nc3
28. Ra1 Nxd5 29. Qc4 Kf8 30. Bg2 Qxc4 31. Nxc4 Ke7 32. Rd1 Nc3 33. Rxd6 Bxg2
34. Kxg2 Nxa4 35. Rc6 b5 36. Rxa6 bxc4 37. Rxa4 Kd6 38. Kf3 f5 39. Ra7 g5 40.
Ke2 f4 41. Kd2 e4 42. gxf4 gxf4 43. Kc3 e3 44. fxe3 fxe3 45. Kxc4 e2 46. Ra1
Ne5+ 47. Kd4 Nf3+ 48. Ke3 e1=Q+ 49. Rxe1 Nxe1 50. Kf4 Ke6 51. b5 Nd3+ 52. Kg5
Kf7 53. b6 Nc5 54. h3 Kg7 55. Kf5 Kh6 56. Kg4 Kg6 57. Kh4 h5 58. Kg3 Kg5 59.
Kf3 Nb7 60. Ke4 Kf6 61. Kd5 Kf5 62. h4 Na5 63. Kc5 Ke5 64. Kb5 Nb7 65. Kc6 Nd6
66. Kd7 Nb7 67. Kc6 Nd8+ 68. Kd7 Ne6 69. Kc6 Kd4 70. Kd6 Nc5 71. Kc6 Na6 72.
Kb5 Nb8 73. b7 Kd5 74. Kb6 Nd7+ 75. Kc7 Nc5 76. b8=N 0-1

[Event "Prva A liga SSFBiH"]
[Site "Neum"]
[Date "2012.08.28"]
[Round "6.2"]
[White "Tutic, Resad"]
[Black "Salkic, Fikret"]
[Result "1/2-1/2"]
[WhiteElo "2258"]
[BlackElo "2192"]
[PlyCount "70"]
[EventDate "2012.08.25"]

1. e4 c5 2. Nf3 d6 3. Bb5+ Bd7 4. Bxd7+ Nxd7 5. O-O g6 6. d3 Bg7 7. c3 Ngf6 8.
Re1 O-O 9. a4 b6 10. Nbd2 a6 11. d4 cxd4 12. cxd4 Qc7 13. b3 b5 14. Ba3 Rfc8
15. Qe2 Qb7 16. e5 Nd5 17. e6 fxe6 18. Qxe6+ Kh8 19. Re4 N7f6 20. Ng5 h6 21.
Rh4 Qd7 22. Qf7 Qe8 23. Nde4 Qxf7 24. Nxf7+ Kg8 25. Nxh6+ Bxh6 26. Nxf6+ exf6
27. Rxh6 b4 28. Bc1 Kg7 29. Rh3 Rc2 30. Rd3 Rac8 31. Bd2 a5 32. Kf1 Nc3 33. Re1
Ne4 34. Rd1 Nc3 35. Re1 Ne4 1/2-1/2

[Event "Prva A liga SSFBiH"]
[Site "Neum"]
[Date "2012.08.28"]
[Round "6.2"]
[White "Dugonjic, Dragan"]
[Black "Zlobec, Srdjan"]
[Result "1/2-1/2"]
[WhiteElo "2062"]
[BlackElo "2079"]
[PlyCount "114"]
[EventDate "2012.08.25"]

1. c4 Nf6 2. Nf3 g6 3. Nc3 Bg7 4. g3 O-O 5. Bg2 d6 6. d4 c5 7. O-O Nc6 8. e3
Bf5 9. b3 Ne4 10. Bb2 Nxc3 11. Bxc3 Be4 12. Qd2 a6 13. Rfd1 b5 14. cxb5 axb5
15. dxc5 dxc5 16. Bxg7 Qxd2 17. Rxd2 Kxg7 18. Rc1 Rfd8 19. Rxd8 Rxd8 20. Ng5
Bxg2 21. Kxg2 Rd5 22. Ne4 Nb4 23. Rxc5 Rxc5 24. Nxc5 Nxa2 25. Kf3 Nc3 26. Ne4
Nd5 27. Ke2 f5 28. Nc5 Kf6 29. Nd7+ Kf7 30. Kd3 e6 31. Kd4 Ke7 32. Ne5 Kd6 33.
f4 Nf6 34. h3 Ne4 35. g4 Nd2 36. b4 fxg4 37. hxg4 h5 38. gxh5 gxh5 39. e4 h4
40. Nf7+ Ke7 41. Ng5 Kd6 42. e5+ Kc6 43. Kd3 Nf1 44. Ke2 Ng3+ 45. Kf3 Kd5 46.
Kg4 Nf5 47. Kh3 Nd4 48. Kxh4 Nc2 49. Kg4 Nxb4 50. Kf3 Nc2 51. Ke2 Nd4+ 52. Kd3
Nc6 53. Nh7 Nxe5+ 54. fxe5 Kxe5 55. Ng5 Kf5 56. Nf3 e5 57. Kc3 e4 1/2-1/2

[Event "Prva A liga SSFBiH"]
[Site "Neum"]
[Date "2012.08.28"]
[Round "6.2"]
[White "Mehmedovic, Mirza"]
[Black "Nezirovic, Ozren"]
[Result "0-1"]
[WhiteElo "2219"]
[BlackElo "2132"]
[PlyCount "30"]
[EventDate "2012.08.25"]

1. e4 d6 2. d4 g6 3. Nc3 Bg7 4. Nf3 Nf6 5. Be2 O-O 6. O-O Nc6 7. h3 e5 8. d5
Nb4 9. a3 Na6 10. Re1 Nc5 11. Bf1 a5 12. b3 h6 13. Na2 Nh5 14. g3 Bd7 15. Bg2
Qc8 0-1

[Event "Prva A liga SSFBiH"]
[Site "Neum"]
[Date "2012.08.28"]
[Round "6.2"]
[White "Memic, Hazim"]
[Black "Colpa, Husein"]
[Result "1/2-1/2"]
[WhiteElo "2022"]
[BlackElo "1980"]
[PlyCount "162"]
[EventDate "2012.08.25"]

1. e4 c5 2. Nf3 d6 3. d4 cxd4 4. Nxd4 Nf6 5. Nc3 g6 6. f3 Bg7 7. Be3 Nc6 8. Qd2
h5 9. O-O-O Bd7 10. Kb1 Rc8 11. Be2 a6 12. h3 Na5 13. g4 Nc4 14. Bxc4 Rxc4 15.
g5 Nh7 16. h4 O-O 17. Rhf1 b5 18. b3 Rc8 19. Nde2 Re8 20. Bd4 e5 21. Be3 Rc6
22. Nd5 a5 23. Nec3 Qb8 24. b4 Be6 25. Rf2 Qb7 26. Qd3 Rc4 27. bxa5 Rec8 28.
Bb6 Qd7 29. Rdd2 b4 30. Nd1 Kh8 31. Qb3 Nf8 32. N1e3 Bxd5 33. Rxd5 Rc3 34. Qxb4
Qh3 35. Rxd6 Qxh4 36. Rdd2 Ne6 37. Nd5 Bf8 38. Qb5 R3c4 39. Kb2 Nd4 40. Qd7 Qh1
41. c3 Nxf3 42. Rc2 Nxg5 43. Nc7 Rb8 44. Na6 Ra8 45. Nc7 Rb8 46. Rg2 Bh6 47.
Na6 Rg8 48. Nc5 Rxc5 49. Bxc5 Nxe4 50. Bb6 Qf1 51. Rge2 f5 52. a6 Qf3 53. Qb7
Qd3 54. Bc7 Nxc3 55. Bxe5+ Bg7 56. Bxg7+ Rxg7 57. Qc8+ Kh7 58. Qxc3 Qxa6 59.
Kb1 Rb7+ 60. Kc1 Qb6 61. Rb2 Qg1+ 62. Kc2 Rd7 63. Rd2 Re7 64. Rb8 Rg7 65. Qc8
Kh6 66. Qh8+ Rh7 67. Qf8+ Kg5 68. Qd8+ Kh6 69. Qf8+ Kg5 70. Qd6 h4 71. Rg8 Kh5
72. Qc6 h3 73. Qf3+ Qg4 74. Qxg4+ fxg4 75. Rd5+ Kh6 76. Re8 g5 77. Re2 Kh5 78.
Rd3 Kh4 79. Rd4 Rf7 80. Kd2 Kg3 81. a4 Rf4 1/2-1/2

[Event "Prva A liga SSFBiH"]
[Site "Neum"]
[Date "2012.08.28"]
[Round "6.3"]
[White "Muratovic, Enver"]
[Black "Nestorovic, Nikola"]
[Result "0-1"]
[WhiteElo "2301"]
[BlackElo "2430"]
[PlyCount "112"]
[EventDate "2012.08.25"]

1. e4 e5 2. Nf3 Nc6 3. Bb5 a6 4. Ba4 Nge7 5. O-O g6 6. Re1 Bg7 7. c3 O-O 8. d4
exd4 9. Nxd4 b5 10. Nxc6 Nxc6 11. Bb3 Na5 12. Bc2 d6 13. Nd2 Bb7 14. Nf3 Re8
15. Bg5 Qd7 16. h3 c5 17. Bf4 Nc4 18. Rb1 Rad8 19. Bg5 Rc8 20. Nd2 Nb6 21. Qg4
h6 22. Bf4 Re6 23. Bb3 c4 24. Bc2 Rce8 25. Be3 Qd8 26. Rbd1 Nd7 27. Qg3 Nf6 28.
f3 Qe7 29. Nf1 d5 30. exd5 Nxd5 31. Bf2 Be5 32. Qh4 Qxh4 33. Bxh4 f5 34. Bf2
Bf4 35. Rxe6 Rxe6 36. Re1 Rxe1 37. Bxe1 Bc1 38. b3 Bb2 39. g4 Bxc3 40. Bxc3
Nxc3 41. bxc4 b4 42. gxf5 gxf5 43. Bb3 Bxf3 44. Ne3 Be4 45. c5+ Kf8 46. Nc4 Ke7
47. Kf2 Bb1 48. Nd6 a5 49. Ke3 a4 50. Bc4 Nxa2 51. Bxa2 Bxa2 52. Nxf5+ Kd7 53.
Kd2 b3 54. Kc3 a3 55. c6+ Kc7 56. Nd4 b2 0-1

[Event "Prva A liga SSFBiH"]
[Site "Neum"]
[Date "2012.08.28"]
[Round "6.3"]
[White "Mrndjic, Muamer"]
[Black "Kojic, Tigran"]
[Result "1/2-1/2"]
[WhiteElo "2282"]
[BlackElo "2322"]
[PlyCount "29"]
[EventDate "2012.08.25"]

1. d4 d5 2. Nf3 Nf6 3. c4 dxc4 4. e3 e6 5. Bxc4 c5 6. O-O Nc6 7. a3 a6 8. dxc5
Qxd1 9. Rxd1 Bxc5 10. b4 Be7 11. Bb2 O-O 12. Nbd2 b5 13. Ba2 Bb7 14. Rac1 Rfd8
15. Nb3 1/2-1/2